000 00392nam a2200157Ia 4500
003 Ost
005 20260225132538.0
008 260225s9999||||xx |||||||||||||| ||und||
040 _cfsic
041 _afre
082 _a327.09
100 _aJean louis dujon
_eAuteur
245 0 _aLes crises internationales de Pékin à Sarajevo1900-1995 /
245 0 _cJean louis dujon
942 _cكتاب
999 _c33318
_d33318